000 00306nam a22001337a 4500
008 170612b xxu||||| |||| 00| 0 eng d
020 _a08733244-X
041 _aeng
080 _a94
100 _a17
101 _aSHH
245 _aDEMOCRATIC THEORY AND TECHNOLOGICAL SOCIETY
_cDAY,R.B
942 _2udc
_cBK
999 _c16927
_d16927